<?xml version="1.0" encoding="UTF-8"?>
<record
    xmlns:xsi="http://www.w3.org/2001/XMLSchema-instance"
    xsi:schemaLocation="http://www.loc.gov/MARC21/slim http://www.loc.gov/standards/marcxml/schema/MARC21slim.xsd"
    xmlns="http://www.loc.gov/MARC21/slim">

  <leader>01678nam a2200265 a 4500</leader>
  <controlfield tag="005">20180803165403.0</controlfield>
  <controlfield tag="008">140128b2007    ck ||||| |||| 00| 0 spa d</controlfield>
  <datafield tag="040" ind1=" " ind2=" ">
    <subfield code="c">CO-BoIH</subfield>
  </datafield>
  <datafield tag="041" ind1=" " ind2=" ">
    <subfield code="a">spa</subfield>
  </datafield>
  <datafield tag="090" ind1=" " ind2=" ">
    <subfield code="a">IAVH</subfield>
    <subfield code="b">00924</subfield>
  </datafield>
  <datafield tag="100" ind1=" " ind2=" ">
    <subfield code="a">Caro D&#xED;az, Angela</subfield>
    <subfield code="9">3371</subfield>
  </datafield>
  <datafield tag="245" ind1=" " ind2=" ">
    <subfield code="a">Proceso de acercamiento del sistema de informaci&#xF3;n de usos y saberes locales Yoscua, con grupos locales seleccionados del altiplano cundi-boyacense, mediante el apoyo conceptual para el dise&#xF1;o de un aplicativo amigable, el ajuste de la informaci&#xF3;n disponible, la validaci&#xF3;n del aplicativo con grupos locales, la capacitaci&#xF3;n para la utilizaci&#xF3;n de la herramienta y la identificaci&#xF3;n de los aspectos claves para su sostenibilidad referida a los usuarios actuales y potenciales</subfield>
    <subfield code="b">informe final</subfield>
  </datafield>
  <datafield tag="260" ind1=" " ind2=" ">
    <subfield code="a">Bogot&#xE1;</subfield>
    <subfield code="b">Instituto Alexander von Humboldt</subfield>
    <subfield code="c">2007</subfield>
  </datafield>
  <datafield tag="300" ind1=" " ind2=" ">
    <subfield code="a">178 p.</subfield>
  </datafield>
  <datafield tag="520" ind1=" " ind2=" ">
    <subfield code="a">Proyecto Yoscua. Proceso de acercamiento del sistema de informaci&#xF3;n de usos y aberes locales Yoscua, con grupos locales seleccionados del altiplano cundi-boyacense,mediante el apoyo conceptual para el dise&#xF1;o de un aplicativo amigable, el ajuste de la informaci&#xF3;n disponible, la validaci&#xF3;n del aplicativo con grupos locales, la capacitaci&#xF3;n para la utilizaci&#xF3;n de la herramienta y la identificaci&#xF3;n de los aspectos claves para su sostenibilidad referida a los usuarios actuales</subfield>
  </datafield>
  <datafield tag="650" ind1=" " ind2=" ">
    <subfield code="a">Yoscua</subfield>
    <subfield code="9">5586</subfield>
  </datafield>
  <datafield tag="650" ind1=" " ind2=" ">
    <subfield code="a">Capacitaci&#xF3;n</subfield>
    <subfield code="9">92246</subfield>
  </datafield>
  <datafield tag="650" ind1=" " ind2=" ">
    <subfield code="a">Retroalimentaci&#xF3;n</subfield>
    <subfield code="9">5587</subfield>
  </datafield>
  <datafield tag="650" ind1=" " ind2=" ">
    <subfield code="a">Saberes locales</subfield>
    <subfield code="9">5533</subfield>
  </datafield>
  <datafield tag="650" ind1=" " ind2=" ">
    <subfield code="a">Biodiversidad</subfield>
    <subfield code="9">92204</subfield>
  </datafield>
  <datafield tag="650" ind1=" " ind2=" ">
    <subfield code="a">Investigaci&#xF3;n participativa</subfield>
    <subfield code="9">5535</subfield>
  </datafield>
  <datafield tag="650" ind1=" " ind2=" ">
    <subfield code="a">Regi&#xF3;n andina</subfield>
    <subfield code="9">30299</subfield>
  </datafield>
  <datafield tag="942" ind1=" " ind2=" ">
    <subfield code="c">INFORME</subfield>
    <subfield code="2">z</subfield>
    <subfield code="0">12</subfield>
  </datafield>
  <datafield tag="945" ind1=" " ind2=" ">
    <subfield code="d">2008-09-15</subfield>
  </datafield>
  <datafield tag="999" ind1=" " ind2=" ">
    <subfield code="c">6583</subfield>
    <subfield code="d">6583</subfield>
  </datafield>
  <datafield tag="952" ind1=" " ind2=" ">
    <subfield code="0">0</subfield>
    <subfield code="1">0</subfield>
    <subfield code="2">z</subfield>
    <subfield code="4">0</subfield>
    <subfield code="7">0</subfield>
    <subfield code="8">HUMBOLDT</subfield>
    <subfield code="I">INV2017</subfield>
    <subfield code="a">Bogota</subfield>
    <subfield code="b">Bogota</subfield>
    <subfield code="d">2008-09-15</subfield>
    <subfield code="l">5</subfield>
    <subfield code="m">2</subfield>
    <subfield code="o">IAVH-00924</subfield>
    <subfield code="p">027818</subfield>
    <subfield code="r">2024-08-09 00:00:00</subfield>
    <subfield code="s">2019-08-26</subfield>
    <subfield code="t">Ej. 1</subfield>
    <subfield code="w">2012-12-04</subfield>
    <subfield code="y">INFORME</subfield>
  </datafield>
</record>
